[Event "IX. Rhein-Main-Open"]
[Site "Bad Homburg"]
[Date "2006.06.16"]
[Round "4.19"]
[White "Pietsch, Klaus"]
[Black "Hilbenz, Guntram"]
[Result "0-1"]
[WhiteElo "1956"]
[BlackElo "2053"]
[PlyCount "72"]
[EventDate "2006.??.??"]

1. d4 d6 2. Nf3 Nf6 3. c4 Nbd7 4. Nc3 e5 5. e4 Be7 6. g3 c6 7. Bg2 O-O 8. O-O
a6 9. a4 a5 10. h3 exd4 11. Nxd4 Nc5 12. Be3 Qb6 13. Qc2 Re8 14. f4 Bf8 15.
Rae1 Be6 16. b3 Rad8 17. Kh2 Bc8 18. g4 Bxg4 19. hxg4 Nxg4+ 20. Kg3 Nxe3 21.
Rxe3 Nxb3 22. Qxb3 Qxd4 23. Ne2 Qc5 24. Rd3 Re6 25. Kh2 Qh5+ 26. Rh3 Qxe2 27.
Kg1 Rg6 28. Rf2 Qxe4 29. Qxb7 Re8 30. Kh2 Qxc4 31. Bxc6 Re2 32. Rxe2 Qxe2+ 33.
Bg2 Qf2 34. Qe4 d5 35. Qxd5 Qxf4+ 36. Kh1 Qc1+ 0-1

[Event "IX. Rhein-Main-Open"]
[Site "Bad Homburg"]
[Date "2006.06.16"]
[Round "4.20"]
[White "Adair, Robin"]
[Black "Kretner, Georg-Ulrich"]
[Result "1/2-1/2"]
[WhiteElo "2103"]
[BlackElo "1852"]
[PlyCount "64"]
[EventDate "2006.??.??"]

1. d4 Nf6 2. Nf3 g6 3. c4 Bg7 4. Nc3 d6 5. e4 O-O 6. Be2 e5 7. O-O Nc6 8. d5
Ne7 9. Ne1 Nd7 10. Be3 f5 11. f3 f4 12. Bf2 g5 13. Nb5 b6 14. a4 Nf6 15. a5 a6
16. axb6 cxb6 17. Qb3 Rb8 18. Na7 Nd7 19. Nxc8 Qxc8 20. Qa3 Qc7 21. Nc2 a5 22.
b4 axb4 23. Nxb4 Nc5 24. Na6 Nxa6 25. Qxa6 Rb7 26. Rfb1 Rfb8 27. Qb5 Bf6 28.
Ra6 Nc8 29. Rba1 Ra7 30. Rxa7 Nxa7 31. Qa6 Nc8 32. Qa4 Kf8 1/2-1/2

[Event "IX. Rhein-Main-Open"]
[Site "Bad Homburg"]
[Date "2006.06.16"]
[Round "4.21"]
[White "Remy, Jochen"]
[Black "Winterberg, Lukas"]
[Result "1-0"]
[WhiteElo "2097"]
[BlackElo "1799"]
[PlyCount "114"]
[EventDate "2006.??.??"]

1. c4 g6 2. g3 Bg7 3. Bg2 d6 4. Nc3 e5 5. d3 f5 6. e3 Nf6 7. Nge2 c6 8. Rb1 a5
9. a3 Be6 10. O-O O-O 11. b3 Nh5 12. Na4 Nd7 13. d4 e4 14. Bd2 b5 15. cxb5 cxb5
16. Nac3 Rb8 17. Nf4 Nxf4 18. gxf4 d5 19. Qe2 Qb6 20. Rfc1 Rfc8 21. Bf1 b4 22.
axb4 axb4 23. Na4 Qd6 24. Qa6 Nb6 25. Nc5 Rc6 26. Nxe6 Qxe6 27. Rxc6 Qxc6 28.
Rc1 Qb7 29. Qxb7 Rxb7 30. Rc5 Bf8 31. Rb5 Rb8 32. Bxb4 Bxb4 33. Rxb4 Nd7 34.
Rxb8+ Nxb8 35. Bb5 Kf7 36. Kf1 Ke7 37. Ke2 Kd6 38. Kd2 Kc7 39. Kc3 Kb7 40. h4
Kc7 41. Kb4 Kb6 42. Be8 Na6+ 43. Kc3 Ka5 44. Bf7 Nb4 45. Bg8 h6 46. Bf7 Nd3 47.
Bxg6 Nxf2 48. Bxf5 Nh1 49. Be6 Ng3 50. f5 Nh5 51. Bxd5 Nf6 52. Be6 Kb5 53. b4
Kb6 54. Kc4 Ng4 55. Kd5 Nxe3+ 56. Kxe4 Ng2 57. h5 Nh4 1-0

[Event "IX. Rhein-Main-Open"]
[Site "Bad Homburg"]
[Date "2006.06.16"]
[Round "4.22"]
[White "Nahler, Michael"]
[Black "Zöller, Thomas"]
[Result "1/2-1/2"]
[WhiteElo "1842"]
[BlackElo "2082"]
[PlyCount "52"]
[EventDate "2006.??.??"]

1. e4 c5 2. Nf3 Nc6 3. d4 cxd4 4. Nxd4 g6 5. c4 Nf6 6. Nc3 d6 7. Be2 Nxd4 8.
Qxd4 Bg7 9. Be3 O-O 10. Qd2 Be6 11. O-O Qa5 12. Kh1 Rfc8 13. b3 b5 14. Nxb5
Qxd2 15. Bxd2 Nxe4 16. Rad1 a6 17. Na3 Nxd2 18. Rxd2 Rc5 19. Bf3 Rb8 20. Nc2
Ra5 21. Ne3 Bh6 22. Re1 Re5 23. Rde2 Bxe3 24. Rxe3 Rxe3 25. Rxe3 Kf8 26. h4 a5
1/2-1/2

[Event "IX. Rhein-Main-Open"]
[Site "Bad Homburg"]
[Date "2006.06.16"]
[Round "4.23"]
[White "Mayer, Frank"]
[Black "Schreiner, Roland"]
[Result "1-0"]
[WhiteElo "2078"]
[BlackElo "1954"]
[PlyCount "49"]
[EventDate "2006.??.??"]

1. e4 d6 2. d4 Nf6 3. Nc3 g6 4. Be3 Bg7 5. Qd2 O-O 6. f3 c6 7. O-O-O Nbd7 8.
Bh6 b5 9. h4 a5 10. h5 Qb6 11. hxg6 fxg6 12. Bxg7 Kxg7 13. Qh6+ Kg8 14. Nh3 Rf7
15. Ng5 a4 16. Nxf7 Kxf7 17. e5 dxe5 18. dxe5 Nxe5 19. Qf4 Qb8 20. Rxh7+ Kg8
21. Qh6 Nxh7 22. Rd8+ Kf7 23. Qxh7+ Ke6 24. Qg8+ Kf5 25. Rf8+ 1-0

[Event "IX. Rhein-Main-Open"]
[Site "Bad Homburg"]
[Date "2006.06.16"]
[Round "4.24"]
[White "Ahrends, Norbert"]
[Black "Braunberger, Gerald"]
[Result "1-0"]
[WhiteElo "2065"]
[BlackElo "1883"]
[PlyCount "65"]
[EventDate "2006.??.??"]

1. d4 d5 2. c4 c6 3. Nc3 Nf6 4. Bg5 e6 5. e3 Nbd7 6. Bd3 Be7 7. Nge2 dxc4 8.
Bxc4 b5 9. Bd3 e5 10. O-O Bb7 11. Rc1 h6 12. Bh4 a6 13. Bb1 Qb6 14. Bxf6 gxf6
15. d5 Rd8 16. d6 Nc5 17. Ng3 Rxd6 18. Qg4 Nd3 19. Rcd1 Nxb2 20. Rxd6 Bxd6 21.
Qg7 Rf8 22. Qxf6 Qd8 23. Qxh6 Kd7 24. Bf5+ Kc7 25. Rb1 Nc4 26. Rd1 Rh8 27. Qg7
Qf8 28. Qf6 Rh6 29. Qg5 Qh8 30. Nce4 c5 31. Rxd6 Nxd6 32. Qe7+ Kc6 33. Qd7+ 1-0

[Event "IX. Rhein-Main-Open"]
[Site "Bad Homburg"]
[Date "2006.06.16"]
[Round "4.25"]
[White "Foermes, Alexander"]
[Black "Feigl, Markus"]
[Result "1-0"]
[WhiteElo "2054"]
[BlackElo "1751"]
[PlyCount "85"]
[EventDate "2006.??.??"]

1. c4 e6 2. Nf3 d5 3. b3 Nf6 4. g3 d4 5. Bb2 c5 6. e3 Nc6 7. exd4 cxd4 8. Bg2
e5 9. d3 Be7 10. O-O O-O 11. Re1 Nd7 12. Na3 a6 13. Nc2 f5 14. b4 Bf6 15. a4
Ne7 16. Ba3 Re8 17. b5 Ng6 18. bxa6 Rxa6 19. Nb4 Ra8 20. Nd5 Ndf8 21. Nxd4 e4
22. dxe4 Bxd4 23. Qxd4 Rxa4 24. Bb2 Ne6 25. Nf6+ Qxf6 26. Qxf6 Rxa1 27. Qc3
Rxe1+ 28. Qxe1 f4 29. h4 fxg3 30. fxg3 Nc5 31. Qe3 Ne6 32. e5 Ngf8 33. Bd5 Kh8
34. Qb3 Nc5 35. Qb5 Nfd7 36. Ba3 b6 37. Bxc5 bxc5 38. e6 Nf6 39. Qc6 h6 40. e7
Nd7 41. Bf7 Rxe7 42. Qxc8+ Kh7 43. Qg8# 1-0

[Event "IX. Rhein-Main-Open"]
[Site "Bad Homburg"]
[Date "2006.06.16"]
[Round "4.26"]
[White "Reimer, Otto"]
[Black "Sittinger, Lutz"]
[Result "0-1"]
[WhiteElo "2047"]
[BlackElo "1786"]
[PlyCount "82"]
[EventDate "2006.??.??"]

1. e4 e5 2. Nf3 Nc6 3. Bb5 Nf6 4. O-O d6 5. Re1 Bd7 6. c3 Be7 7. d4 exd4 8.
cxd4 O-O 9. h3 a6 10. Ba4 b5 11. Bc2 Nb4 12. Bb3 c5 13. Qd2 a5 14. a3 Na6 15.
e5 dxe5 16. dxe5 Ne8 17. Bd5 Ra7 18. Nc3 Nec7 19. Be4 Be6 20. Qe3 b4 21. Rd1
Qb8 22. Ne2 Rd8 23. Bd2 Nd5 24. Bxd5 Bxd5 25. Nh2 Nc7 26. Nf4 Rb7 27. axb4 axb4
28. Qg3 Ne6 29. Nh5 Kh8 30. Ng4 Rbd7 31. Ra6 Bc4 32. Rxe6 Bxe6 33. Ne3 g6 34.
Nf4 Rxd2 35. Rxd2 Rxd2 36. Nxe6 fxe6 37. Nc4 Rd1+ 38. Kh2 Qd8 39. Qg4 Qd4 40.
Qf3 Kg7 41. g3 Qd5 0-1

[Event "IX. Rhein-Main-Open"]
[Site "Bad Homburg"]
[Date "2006.06.16"]
[Round "4.27"]
[White "Bender, Manfred"]
[Black "Libuda, Thomas"]
[Result "1/2-1/2"]
[WhiteElo "1816"]
[BlackElo "2026"]
[PlyCount "108"]
[EventDate "2006.??.??"]

1. e4 g6 2. Nf3 Bg7 3. d4 d6 4. c3 Nd7 5. Bd3 Ngf6 6. O-O O-O 7. Nbd2 c6 8. Nc4
b5 9. Ne3 Qc7 10. b3 Bb7 11. Bb2 e5 12. Rc1 Qb6 13. Bb1 a5 14. c4 Bh6 15. dxe5
Bxe3 16. exf6 Bxc1 17. Qxc1 Qd8 18. Qh6 Nxf6 19. Ng5 Re8 20. Nxh7 Re5 21. Bxe5
dxe5 22. Nxf6+ Qxf6 23. cxb5 cxb5 24. f4 Qb6+ 25. Kh1 Qe3 26. Qh3 Qxh3 27. gxh3
exf4 28. Kg1 Rd8 29. Kg2 g5 30. h4 Rd2+ 31. Rf2 Rxf2+ 32. Kxf2 g4 33. e5 Bd5
34. Bf5 Be6 35. Be4 Kg7 36. h3 gxh3 37. Kf3 Kh6 38. Kxf4 Kg7 39. Kg5 b4 40. h5
a4 41. h6+ Kg8 42. bxa4 Bxa2 43. Kh4 h2 44. a5 Bc4 45. Kg3 h1=Q 46. Bxh1 Kh7
47. Be4+ Kxh6 48. Kf4 b3 49. Ke3 Kg5 50. Bd3 b2 51. Bb1 Ba6 52. Kd4 Kf4 53. Kc3
Kxe5 54. Kxb2 Kd6 1/2-1/2

[Event "IX. Rhein-Main-Open"]
[Site "Bad Homburg"]
[Date "2006.06.16"]
[Round "4.28"]
[White "Kolker, Vladislav"]
[Black "Müller, Pascal"]
[Result "1-0"]
[WhiteElo "1860"]
[BlackElo "1999"]
[PlyCount "59"]
[EventDate "2006.??.??"]

1. e4 d5 2. exd5 Nf6 3. c4 c6 4. d4 Bg4 5. f3 Bf5 6. dxc6 Nxc6 7. Be3 e5 8. d5
Qa5+ 9. Bd2 Nb4 10. a3 e4 11. Qb3 exf3 12. gxf3 Bc5 13. Bxb4 Qb6 14. Qa4+ Bd7
15. Bxc5 Qxb2 16. Qd1 Qxa1 17. Bd4 Qa2 18. Qe2+ Qxe2+ 19. Nxe2 Bf5 20. Nbc3 O-O
21. Ng3 Rfe8+ 22. Kd2 Bg6 23. Bh3 Nh5 24. c5 Nf4 25. Bd7 Red8 26. c6 bxc6 27.
dxc6 Ne6 28. Be5 f6 29. Bd6 Kh8 30. Be7 1-0

[Event "IX. Rhein-Main-Open"]
[Site "Bad Homburg"]
[Date "2006.06.16"]
[Round "4.30"]
[White "Hüttemann, Ralf"]
[Black "Faqiry, Ramat"]
[Result "1-0"]
[WhiteElo "1963"]
[BlackElo "1705"]
[PlyCount "109"]
[EventDate "2006.??.??"]

1. e4 c5 2. Nf3 Nc6 3. Bb5 g6 4. O-O Bg7 5. Bxc6 dxc6 6. h3 Nf6 7. Qe2 O-O 8.
d3 h6 9. Be3 b6 10. Nbd2 Qc7 11. Rfd1 Nd7 12. Rab1 e5 13. Nh2 f5 14. exf5 gxf5
15. Ndf3 f4 16. Bd2 Ba6 17. Bc3 Rae8 18. Nd2 Nf6 19. Ne4 Nxe4 20. Qxe4 Bc8 21.
Qf3 Be6 22. a3 Bd5 23. Qg4 Qf7 24. Re1 Re6 25. Qd1 Rg6 26. f3 Qf5 27. Kh1 Rg5
28. Ng4 Qe6 29. Re2 h5 30. Nh2 Kh7 31. Be1 c4 32. Bh4 Rg6 33. Qf1 c5 34. Qd1
cxd3 35. cxd3 Rg8 36. Qa4 a5 37. b4 cxb4 38. axb4 axb4 39. Qxb4 Bf8 40. Qe1 Bg7
41. Bf2 Qf5 42. Bxb6 Qxd3 43. Bc7 Bc4 44. Rd2 Qf5 45. Qe4 Qxe4 46. fxe4 Rc6 47.
Rd7 Be6 48. Rd6 Rxc7 49. Rxe6 Rd8 50. Nf3 Rc5 51. Kh2 Kh8 52. Rb7 Rg8 53. Ng5
Ra8 54. Rg6 Rg8 55. Rh6+ 1-0

[Event "IX. Rhein-Main-Open"]
[Site "Bad Homburg"]
[Date "2006.06.16"]
[Round "4.31"]
[White "Grass, Ernest"]
[Black "Sefeloge, Michael"]
[Result "0-1"]
[WhiteElo "1772"]
[BlackElo "1916"]
[PlyCount "160"]
[EventDate "2006.??.??"]

1. e4 c5 2. Nf3 d6 3. d4 cxd4 4. Nxd4 Nc6 5. Nc3 Nf6 6. Bc4 e6 7. O-O a6 8. a4
Bd7 9. Be3 Be7 10. Kh1 Qc7 11. Bb3 Rc8 12. f4 O-O 13. Qe2 Na5 14. Rac1 Nc4 15.
Bxc4 Qxc4 16. Ra1 Qxe2 17. Ndxe2 Rc4 18. Bd4 Rfc8 19. b3 Rxd4 20. Nxd4 Rxc3 21.
Rae1 Bd8 22. Re2 Bb6 23. Nf3 Ne8 24. Rd1 f6 25. Rd3 Rxd3 26. cxd3 Bc6 27. Nd2
Bc5 28. Nc4 b5 29. axb5 Bxb5 30. Rd2 Bd4 31. Rd1 Kf7 32. Na3 Bd7 33. Nc2 Bb6
34. Ra1 Nc7 35. Na3 Be3 36. g3 Ke7 37. Kg2 Bc6 38. Kf3 Bd4 39. Rc1 Kd7 40. Nc2
Nb5 41. Nb4 Bb7 42. Nc2 Bb2 43. Rb1 Nd4+ 44. Ke3 Nxc2+ 45. Kd2 Nd4 46. Rxb2 Bc6
47. Ke3 e5 48. fxe5 dxe5 49. Kd2 Bb5 50. Kc3 Kd6 51. b4 Nf3 52. Re2 h6 53. h4
g5 54. hxg5 hxg5 55. Rf2 g4 56. Re2 Ng5 57. Rf2 Ke6 58. Kc2 Nf3 59. Rf1 Nd4+
60. Kd2 Ba4 61. Rf2 Nf3+ 62. Kc3 Bb5 63. Re2 f5 64. exf5+ Kxf5 65. Rf2 e4 66.
dxe4+ Kxe4 67. Rg2 Ke3 68. Ra2 Ng5 69. Ra3 Ne4+ 70. Kc2+ Kf2 71. Kb2 Nxg3 72.
Kc2 Ne2 73. Kd2 g3 74. Rxg3 Kxg3 75. Kc2 Kf4 76. Kb2 Ke4 77. Kc2 Kd4 78. Kb3
Kd3 79. Kb2 Kc4 80. Ka3 Kc3 0-1

[Event "IX. Rhein-Main-Open"]
[Site "Bad Homburg"]
[Date "2006.06.16"]
[Round "4.32"]
[White "Göbel, Andreas"]
[Black "Henrich, Frederik"]
[Result "1/2-1/2"]
[WhiteElo "2073"]
[BlackElo "1612"]
[PlyCount "70"]
[EventDate "2006.??.??"]

1. Nf3 d5 2. g3 c5 3. Bg2 Nc6 4. d4 e6 5. O-O Nf6 6. c4 dxc4 7. Qa4 Nd5 8. dxc5
Qa5 9. Qxc4 Qxc5 10. Qxc5 Bxc5 11. Nbd2 f6 12. Nb3 Bb6 13. Rd1 Ke7 14. Nfd4
Nxd4 15. Nxd4 Rd8 16. e4 Nc7 17. Be3 Bd7 18. Nc2 Bxe3 19. Nxe3 Bc6 20. e5 Bxg2
21. exf6+ gxf6 22. Kxg2 Rxd1 23. Rxd1 Rd8 24. Rc1 Nd5 25. Nxd5+ Rxd5 26. Rc7+
Rd7 27. Rxd7+ Kxd7 28. Kf3 Kd6 29. Ke3 Kd5 30. g4 e5 31. f3 a6 32. Kd3 a5 33.
b3 Kc5 34. a3 Kd5 35. a4 b6 1/2-1/2

[Event "IX. Rhein-Main-Open"]
[Site "Bad Homburg"]
[Date "2006.06.16"]
[Round "4.33"]
[White "Kirschner, Matthias"]
[Black "Lebermann, Hellmuth"]
[Result "0-1"]
[WhiteElo "1567"]
[BlackElo "2063"]
[PlyCount "122"]
[EventDate "2006.??.??"]

1. g3 d5 2. Bg2 c5 3. b3 Nc6 4. Bb2 e5 5. d3 f5 6. Nf3 Bd6 7. Nbd2 Nf6 8. Rc1
e4 9. dxe4 dxe4 10. Ng1 Qe7 11. Nc4 Bc7 12. e3 O-O 13. Ne2 Be6 14. O-O Bxc4 15.
bxc4 Be5 16. Nc3 Qe6 17. Qe2 Na5 18. Ba1 Nxc4 19. Nb5 Rf7 20. Bxe5 Nxe5 21.
Rfd1 a6 22. Nc3 b5 23. Rd2 Nc4 24. Rdd1 Nb2 25. Rd2 b4 26. Nb1 Nc4 27. Rdd1 Rb8
28. Nd2 Ne5 29. Nb3 Rc7 30. Bf1 Ra8 31. Na5 Nd5 32. Qh5 g6 33. Qh6 c4 34. Kh1
Nc3 35. Rd4 Rac8 36. Qh4 Nf3 37. Rd8+ Kg7 38. Qf4 g5 39. Qd6 Qxd6 40. Rxd6 Rc5
41. Rxa6 Ne5 42. Nb7 R5c6 43. Ra7 R8c7 44. Ra5 Kf6 45. Nd8 Rd6 46. Ra8 Rcd7 47.
a3 Rxd8 48. Ra7 Nb5 49. Rb7 Nxa3 50. Rxb4 Rd1 51. Rb6+ Kf7 52. Rb7+ Kf8 53.
Rxd1 Rxd1 54. Kg2 Nxc2 55. Be2 Rd2 56. Bh5 Nxe3+ 57. Kg1 N3g4 58. Rb8+ Ke7 59.
Re8+ Kd7 60. h3 Nf3+ 61. Kh1 Rxf2 0-1

[Event "IX. Rhein-Main-Open"]
[Site "Bad Homburg"]
[Date "2006.06.16"]
[Round "4.34"]
[White "Eidelmann, Vova"]
[Black "Schutzmann, Henry"]
[Result "1-0"]
[WhiteElo "2055"]
[BlackElo "1550"]
[PlyCount "94"]
[EventDate "2006.??.??"]

1. e4 c5 2. Nc3 Nc6 3. f4 g6 4. Nf3 Bg7 5. Bb5 a6 6. Bxc6 dxc6 7. O-O Bg4 8. h3
Bxf3 9. Qxf3 Nf6 10. d3 O-O 11. Be3 Nd7 12. e5 Qc7 13. Ne4 b6 14. c3 a5 15.
Rac1 a4 16. Ng5 e6 17. Ne4 a3 18. b4 c4 19. dxc4 c5 20. Rfd1 Ra4 21. Rd6 cxb4
22. Qd1 Qxc4 23. Rd4 Qc6 24. cxb4 Qa8 25. Nc3 Ra7 26. Rxd7 Rxd7 27. Qxd7 Rd8
28. Qa4 Qxa4 29. Nxa4 b5 30. Nb6 Bf8 31. Kf2 Bxb4 32. Rc8 Rxc8 33. Nxc8 Bc3 34.
Ne7+ Kg7 35. Nc6 b4 36. Nd4 f6 37. exf6+ Kxf6 38. Nb3 e5 39. Ke2 e4 40. Bd4+
Kf5 41. Bxc3 bxc3 42. Ke3 h5 43. Nd4+ Kf6 44. Kxe4 g5 45. g3 gxf4 46. gxf4 h4
47. Kd3 c2 1-0

[Event "IX. Rhein-Main-Open"]
[Site "Bad Homburg"]
[Date "2006.06.16"]
[Round "4.35"]
[White "Schimmer, Michael"]
[Black "Pfeiffer, Ralf"]
[Result "1/2-1/2"]
[WhiteElo "1956"]
[BlackElo "1505"]
[PlyCount "58"]
[EventDate "2006.??.??"]

1. e4 e6 2. d4 d5 3. Nc3 c5 4. exd5 exd5 5. dxc5 d4 6. Ne4 Qd5 7. Bb5+ Bd7 8.
Qe2 Be7 9. Bc4 Qc6 10. Nd6+ Kf8 11. Nxf7 Qxg2 12. Qf3 Bc6 13. Qxg2 Bxg2 14.
Nxh8 Bxh1 15. b4 Nd7 16. Nf7 Be4 17. Ne2 Bxc2 18. Nxd4 Bg6 19. Ne6+ Kxf7 20.
Nc7+ Kf8 21. Ne6+ Kf7 22. Nc7+ Kf8 23. Nxa8 Bf6 24. Bd5 Bxa1 25. Bxb7 Bb1 26.
c6 Ne5 27. c7 Ne7 28. c8=Q+ Nxc8 29. Bxc8 Bxa2 1/2-1/2

[Event "IX. Rhein-Main-Open"]
[Site "Bad Homburg"]
[Date "2006.06.16"]
[Round "4.36"]
[White "Reinl, Walter"]
[Black "Ullrich, Helmut"]
[Result "0-1"]
[WhiteElo "1500"]
[BlackElo "1908"]
[PlyCount "132"]
[EventDate "2006.??.??"]

1. e4 e5 2. Nf3 Nc6 3. Bb5 a6 4. Ba4 Nf6 5. O-O b5 6. Bb3 h6 7. Re1 Be7 8. c3
d6 9. d4 O-O 10. Nbd2 Bg4 11. dxe5 Nxe5 12. h3 Nxf3+ 13. Nxf3 Bh5 14. g4 Bg6
15. Bc2 d5 16. exd5 Bxc2 17. Qxc2 Nxd5 18. Rd1 Qd6 19. Qe4 c6 20. c4 bxc4 21.
Qxc4 Qc5 22. Qxc5 Bxc5 23. Bd2 Ba7 24. Rac1 Rac8 25. Ne5 Ne7 26. Bb4 c5 27. Ba5
Nc6 28. Nxc6 Rxc6 29. Rd7 Bb6 30. Bxb6 Rxb6 31. Rxc5 Rxb2 32. Ra5 Re8 33. Rf5
f6 34. a4 Re4 35. a5 Re6 36. Ra7 Ra2 37. Kg2 Rb2 38. h4 Rb4 39. Kg3 Rb3+ 40.
Rf3 Rb5 41. Rf5 Rxf5 42. gxf5 Re5 43. Rxa6 Rxf5 44. Ra8+ Kh7 45. a6 Ra5 46. f4
Kg6 47. a7 Ra3+ 48. Kf2 h5 49. f5+ Kxf5 50. Rh8 Rxa7 51. Rxh5+ Kg4 52. Rh7 Ra2+
53. Kg1 g6 54. Rg7 Kf5 55. Kh1 Ra4 56. Rh7 Rg4 57. Kh2 Ke6 58. Kh3 f5 59. h5 g5
60. Rh6+ Kf7 61. Kh2 f4 62. Rh7+ Kg8 63. Rh6 Kg7 64. Rg6+ Kh7 65. Kh3 Rh4+ 66.
Kg2 Rxh5 0-1

[Event "IX. Rhein-Main-Open"]
[Site "Bad Homburg"]
[Date "2006.06.16"]
[Round "4.37"]
[White "Grünter, Martin"]
[Black "Lesic, Ivan"]
[Result "1-0"]
[WhiteElo "1897"]
[BlackElo "1479"]
[PlyCount "61"]
[EventDate "2006.??.??"]

1. e4 e6 2. d4 d5 3. Nd2 g6 4. Ngf3 c5 5. exd5 exd5 6. Bb5+ Bd7 7. Bxd7+ Nxd7
8. O-O Bd6 9. dxc5 Bxc5 10. Nb3 Ne7 11. Nxc5 Nxc5 12. Qd4 O-O 13. Qxc5 Rc8 14.
Qxa7 Qc7 15. c3 f6 16. Qa4 Nf5 17. Nd4 Nxd4 18. Qxd4 Qf7 19. Be3 g5 20. Rad1
Rfd8 21. Qd2 h6 22. Bd4 f5 23. Rde1 Rc6 24. Re5 Rd7 25. Rfe1 Kh7 26. Qd3 Kg6
27. g4 Rf6 28. Re8 Kg7 29. Bxf6+ Qxf6 30. Qd4 Qxd4 31. cxd4 1-0

[Event "IX. Rhein-Main-Open"]
[Site "Bad Homburg"]
[Date "2006.06.16"]
[Round "4.38"]
[White "Krüger, Till"]
[Black "Plötz, Hans-Jürgen"]
[Result "1-0"]
[WhiteElo "1827"]
[BlackElo "1442"]
[PlyCount "67"]
[EventDate "2006.??.??"]

1. e4 d6 2. d4 Nf6 3. Nc3 c6 4. h3 Qa5 5. Nf3 Nxe4 6. Bd3 Nf6 7. O-O Nbd7 8.
Re1 e5 9. Qe2 Be7 10. Bd2 Qc7 11. b4 O-O 12. a4 a6 13. b5 axb5 14. axb5 Rxa1
15. Rxa1 c5 16. b6 Nxb6 17. Nb5 Qb8 18. dxe5 dxe5 19. c4 Be6 20. Nxe5 Nfd7 21.
Bf4 Nxe5 22. Bxe5 Qc8 23. Na7 Qd7 24. Rb1 Nc8 25. Nb5 Nd6 26. Rd1 Rd8 27. Nxd6
Bxd6 28. Bc2 Qe7 29. Qd3 g6 30. Bxd6 Qf6 31. Be7 Rxd3 32. Bxf6 Rxd1+ 33. Bxd1
Bxc4 34. Be7 1-0

[Event "IX. Rhein-Main-Open"]
[Site "Bad Homburg"]
[Date "2006.06.16"]
[Round "4.39"]
[White "Smith-Meyer, Geir"]
[Black "Peter, Falco"]
[Result "1-0"]
[WhiteElo "1669"]
[BlackElo "1380"]
[PlyCount "65"]
[EventDate "2006.??.??"]

1. d4 g6 2. Bf4 Bg7 3. Nf3 d6 4. c3 Nf6 5. e3 h6 6. h3 a6 7. a4 g5 8. Bh2 Nbd7
9. Nbd2 Nf8 10. Qc2 Ng6 11. Bd3 g4 12. hxg4 Nf8 13. g5 Ng4 14. g6 f6 15. Bg3 e6
16. e4 Qe7 17. Nh4 f5 18. O-O-O Qg5 19. exf5 Ne3 20. Qb3 Nxd1 21. Rxd1 h5 22.
Re1 Qf6 23. Kc2 Rb8 24. Ne4 Qe7 25. fxe6 Bxe6 26. d5 Kd7 27. dxe6+ Nxe6 28. Nf5
Qf8 29. Nexd6 Nc5 30. Bb5+ axb5 31. Qxb5+ Kd8 32. Bh4+ Bf6 33. Bxf6+ 1-0

[Event "IX. Rhein-Main-Open"]
[Site "Bad Homburg"]
[Date "2006.06.16"]
[Round "4.43"]
[White "Fußnecker, Manfred"]
[Black "Witt, Holger"]
[Result "1-0"]
[WhiteElo "2025"]
[BlackElo "1438"]
[PlyCount "51"]
[EventDate "2006.??.??"]

1. e4 e6 2. d4 d5 3. Nc3 Bb4 4. e5 c5 5. a3 Bxc3+ 6. bxc3 Ne7 7. Qg4 Qc7 8. Ne2
cxd4 9. Qxg7 Rg8 10. Qxh7 dxc3 11. f4 Nbc6 12. Qd3 Bd7 13. Be3 O-O-O 14. Nd4
Kb8 15. Qxc3 Nf5 16. Nb5 Qa5 17. Bxa7+ Ka8 18. Qxa5 Nxa5 19. Bb6 Bxb5 20. Bxb5
Nd4 21. Bxd4 Rxg2 22. Bb6 Rc8 23. Bxa5 Rcxc2 24. Bd3 Rc8 25. Bd2 Rcg8 26. O-O-O
1-0

[Event "IX. Rhein-Main-Open"]
[Site "Bad Homburg"]
[Date "2006.06.16"]
[Round "4.44"]
[White "Schneider, Udo"]
[Black "Kempf, Alexander"]
[Result "1-0"]
[WhiteElo "1915"]
[BlackElo "1654"]
[PlyCount "65"]
[EventDate "2006.??.??"]

1. c4 e5 2. Nc3 Nf6 3. g3 d5 4. cxd5 Nxd5 5. Bg2 Be6 6. Nf3 Nc6 7. O-O Qd7 8.
Ng5 Nxc3 9. dxc3 O-O-O 10. Qxd7+ Rxd7 11. Nxe6 fxe6 12. Be3 Na5 13. Bh3 Rd6 14.
b3 b6 15. Rfd1 Kd7 16. c4 Nb7 17. Bg2 c6 18. b4 Kc7 19. a3 a5 20. b5 cxb5 21.
cxb5 Rxd1+ 22. Rxd1 Bxa3 23. Bxb7 Kxb7 24. Rd7+ Kc8 25. Rxg7 Rd8 26. Bxb6 Rd5
27. Bxa5 Rxb5 28. Bd2 Rb2 29. Be3 Rxe2 30. Rxh7 Rc2 31. h4 Bb2 32. Rf7 Kd8 33.
Bg5+ 1-0

[Event "IX. Rhein-Main-Open"]
[Site "Bad Homburg"]
[Date "2006.06.16"]
[Round "4.45"]
[White "Plattner, Rolf"]
[Black "Feigl, Gerold"]
[Result "1-0"]
[WhiteElo "1528"]
[BlackElo "1452"]
[PlyCount "122"]
[EventDate "2006.??.??"]

1. d4 d5 2. Nf3 c6 3. c4 Nf6 4. Nc3 e6 5. e3 Bb4 6. a3 Bxc3+ 7. bxc3 Qa5 8. Qc2
Ne4 9. Bb2 Nd7 10. Bd3 f5 11. O-O O-O 12. Rac1 Ndf6 13. Ne5 Nd7 14. Nxd7 Bxd7
15. f3 Nf6 16. a4 Rf7 17. c5 Qc7 18. Rce1 b6 19. Ba3 a6 20. cxb6 Qxb6 21. Bc5
Qd8 22. Rb1 Bc8 23. Rb2 Rb7 24. Rxb7 Bxb7 25. e4 dxe4 26. fxe4 g6 27. exf5 exf5
28. Qb3+ Nd5 29. Qxb7 Qc8 30. Qxc8+ Rxc8 31. Bc4 Rb8 32. Bb4 Kg7 33. Bxd5 cxd5
34. Re1 Kf6 35. a5 h5 36. Re5 Rb5 37. Kf2 g5 38. Kf3 h4 39. g3 hxg3 40. hxg3
Rb7 41. Rxd5 Rh7 42. Rd6+ Kg7 43. Rd7+ Kg6 44. Rxh7 Kxh7 45. d5 Kg6 46. c4 Kf6
47. Bc3+ Ke7 48. Be5 f4 49. gxf4 gxf4 50. Kxf4 Kd7 51. Kf5 Ke7 52. c5 Kd7 53.
Kf6 Ke8 54. Ke6 Kd8 55. Kd6 Kc8 56. Kc6 Kd8 57. Kb7 Kd7 58. c6+ Ke7 59. c7 Kf7
60. c8=Q Kg6 61. Qg4+ Kf7 1-0

[Event "IX. Rhein-Main-Open"]
[Site "Bad Homburg"]
[Date "2006.06.16"]
[Round "4.46"]
[White "Zellmann, Erwant"]
[Black "Dages, Rolf Hermann"]
[Result "0-1"]
[WhiteElo "995"]
[BlackElo "1445"]
[PlyCount "90"]
[EventDate "2006.??.??"]

1. e4 c5 2. Nf3 Nc6 3. d4 cxd4 4. Nxd4 a6 5. Nc3 g6 6. Be3 Bg7 7. Qd2 Nf6 8. f3
b5 9. Nxc6 dxc6 10. Qxd8+ Kxd8 11. Bb6+ Ke8 12. O-O-O Nd7 13. Bd4 e5 14. Be3
Ke7 15. Be2 Rd8 16. Rd2 Bb7 17. Rhd1 Nf6 18. a4 h6 19. Rxd8 Rxd8 20. Rxd8 Kxd8
21. axb5 cxb5 22. Na2 Bf8 23. b3 Kc7 24. Kb2 Kc6 25. c4 b4 26. Nc1 a5 27. Nd3
Nd7 28. g4 g5 29. h3 f6 30. Ka2 Nc5 31. Kb2 Nxd3+ 32. Bxd3 Bc5 33. Bxc5 Kxc5
34. Kc2 Bc6 35. Kd2 a4 36. Bc2 a3 37. Bb1 Kd4 38. Ba2 Bd7 39. Bb1 Ba4 40. Ba2
Bc6 41. Bb1 Bb7 42. Ba2 Ba6 43. Bb1 Bxc4 44. bxc4 Kxc4 45. Ba2+ b3 0-1

[Event "IX. Rhein-Main-Open"]
[Site "Bad Homburg"]
[Date "2006.06.16"]
[Round "4.47"]
[White "Krüger, Jens"]
[Black "Kempf, Jürgen"]
[Result "1/2-1/2"]
[WhiteElo "1413"]
[BlackElo "1114"]
[PlyCount "70"]
[EventDate "2006.??.??"]

1. e4 c6 2. Nf3 d5 3. exd5 cxd5 4. d4 Bf5 5. Nc3 e6 6. Na4 Qc8 7. Bb5+ Nc6 8.
Ne5 Qc7 9. O-O a6 10. Bxc6+ bxc6 11. Bf4 c5 12. b3 cxd4 13. Ng6 Bxc2 14. Bxc7
Bxd1 15. Nxh8 Be2 16. Rfe1 Bh5 17. Nxf7 Bxf7 18. Ba5 g6 19. b4 Bg7 20. Rad1 Kd7
21. Nc5+ Kd6 22. a3 Ne7 23. Nb3 Nc6 24. Bb6 e5 25. f3 d3 26. Rxd3 d4 27. f4 Rb8
28. fxe5+ Nxe5 29. Bc5+ Kc7 30. Rh3 Re8 31. Rf1 d3 32. Bd4 Bxb3 33. Bxe5+ Bxe5
34. Rxd3 Bc4 35. Rdd1 Bxf1 1/2-1/2

[Event "IX. Rhein-Main-Open"]
[Site "Bad Homburg"]
[Date "2006.06.16"]
[Round "4.48"]
[White "Ehling, Dieter"]
[Black "Kießling, Robert"]
[Result "1-0"]
[WhiteElo "1310"]
[BlackElo "791"]
[PlyCount "123"]
[EventDate "2006.??.??"]

1. e4 e5 2. Nf3 Nc6 3. Bb5 Nf6 4. O-O Nxe4 5. Re1 d5 6. d3 a6 7. Bxc6+ bxc6 8.
dxe4 Bg4 9. h3 Bh5 10. g4 Bg6 11. exd5 Bd6 12. dxc6 O-O 13. Nc3 Re8 14. Bg5 Qb8
15. b3 Qb6 16. Na4 Qxc6 17. c4 Be4 18. Re3 f5 19. Nc3 Bb4 20. Nxe4 fxe4 21. Ne1
Bc5 22. Re2 h6 23. Be3 a5 24. Bxc5 Qxc5 25. Qd5+ Qxd5 26. cxd5 a4 27. b4 Red8
28. Rxe4 Rxd5 29. Nf3 Re8 30. Rae1 Rd3 31. Kg2 Red8 32. Rxe5 a3 33. Re8+ Rxe8
34. Rxe8+ Kf7 35. Re3 Rxe3 36. fxe3 Ke6 37. Nd4+ Kd5 38. Nc2 Kc4 39. Nxa3+ Kxb4
40. Nc2+ Ka4 41. a3 c5 42. e4 Kb3 43. e5 c4 44. e6 Kxc2 45. e7 Kb3 46. e8=Q
Kxa3 47. Qe3+ Kb4 48. Qc1 g5 49. Kf3 c3 50. Ke3 Kc4 51. Qc2 h5 52. gxh5 Kb4 53.
Kd3 Kc5 54. Qxc3+ Kd6 55. Qf6+ Kd5 56. Qxg5+ Kd6 57. Kd4 Kd7 58. Qf6 Kc7 59.
Kc5 Kd7 60. Qf7+ Kd8 61. Kc6 Kc8 62. Qc7# 1-0